Peninsular Countries Quiz Stats

 Plays Quiz not verified by Sporcle

Score 0/43 Timer 03:00
0 Plays Today
Peninsula Country % Correct
IberianPortugal
98.2%
IberianSpain
98.2%
ItalianItaly
98.2%
ScandinavianNorway
97.5%
ScandinavianSweden
97.5%
ScandinavianFinland
97.5%
KoreanNorth Korea
95.1%
KoreanSouth Korea
94.8%
ArabianSaudi Arabia
94.5%
IberianAndorra
93.2%
ItalianVatican City
93.2%
ArabianYemen
92.6%
ArabianOman
91.4%
ItalianSan Marino
91.1%
BalkanSerbia
90.8%
BalkanGreece
90.5%
ArabianUnited Arab Emirates
89.5%
Southeast AsiaLaos
88.3%
Southeast AsiaCambodia
88.3%
Southeast AsiaVietnam
88.3%
BalkanMacedonia
88%
BalkanCroatia
87.7%
Peninsula Country % Correct
ArabianQatar
86.8%
YucatánMexico
86.8%
BalkanAlbania
86.2%
Southeast AsiaThailand
85.8%
AnatolianTurkey
85.2%
BalkanBosnia and Herzegovina
84.9%
BalkanMontenegro
84.3%
BalkanBulgaria
84%
BalkanKosovo
83.1%
BalkanSlovenia
82.5%
Southeast AsiaMyanmar
82.5%
JutlandDenmark
81.8%
BalkanRomania
80%
Southeast AsiaMalaysia
79.7%
The Horn of AfricaSomalia
79.1%
JutlandGermany
77.8%
YucatánBelize
77.5%
The Horn of AfricaEthiopia
76.9%
The Horn of AfricaEritrea
76.9%
The Horn of AfricaDjibouti
74.8%
ArabianKuwait
68%

You're not logged in!

Compare scores with friends on all Sporcle quizzes.
Join for Free
OR
Log In

You Might Also Like...

Show Comments

Extras

Created Jul 1, 2010ReportNominate
Tags:Country Quiz, peninsula

Top Quizzes Today


Score Distribution

Your Account Isn't Verified!

In order to create a playlist on Sporcle, you need to verify the email address you used during registration. Go to your Sporcle Settings to finish the process.

Report this User

Report this user for behavior that violates our Community Guidelines.

Details: